Normal view
MARC view
Entry Personal Name
001 - CONTROL NUMBER
- control field: 10283
003 - CONTROL NUMBER IDENTIFIER
- control field: dpl
005 - DATE AND TIME OF LATEST TRANSACTION
- control field: 20100810151554.0
008 - FIXED-LENGTH DATA ELEMENTS
- fixed length control field: 100810|||a|||||| | ||| d
040 ## - CATALOGING SOURCE
- Original cataloging agency: dpl
- Transcribing agency: dpl
100 ## - HEADING--PERSONAL NAME
- Personal name: D. M. Ravi Kumar
670 ## - SOURCE DATA FOUND
- Source citation: Work cat.: (dpl): D. M. Ravi Kumar, Public administration model answers /, 2007
670 ## - SOURCE DATA FOUND
- Source citation: Work cat.: (dpl): D. M. Ravi Kumar, Public administration model answers /, 2007
